[Event "Skopje Karposh op"]
[Site "Skopje"]
[Date "2013.03.16"]
[Round "9"]
[White "Stamnov, Aleksander"]
[Black "Haznedaroglu, Kivanc"]
[Result "0-1"]
[WhiteElo "2156"]
[BlackElo "2428"]
[PlyCount "78"]
[EventDate "2013.03.09"]
[EventType "swiss"]
[EventRounds "9"]
[EventCountry "MKD"]
[SourceTitle "CBM 153 Extra"]
[Source "ChessBase"]
[SourceDate "2013.04.22"]
[SourceVersion "1"]
[SourceVersionDate "2013.04.22"]
[SourceQuality "1"]

1. e4 e6 2. d4 d5 3. Nc3 Bb4 4. e5 b6 5. Qg4 Bf8 6. Bg5 Qd7 7. Nf3 Ba6 8. Bxa6 Nxa6 9. a3 h6 10. Be3 Ne7 11. h4 h5 12. Qh3 Nf5 13. g4 hxg4 14. Qxg4 0-0-0 15. Bg5 Re8 16. h5 c5 17. Rh3 Kb7 18. Be3 Rc8 19. dxc5 Nxe3 20. fxe3 Rxc5 21. Rd1 f5 22. exf6 gxf6 23. e4 f5 24. exf5 exf5 25. Qg2 Nc7 26. Nd4 Bg7 27. Kf1 Rc4 28. Nde2 Bxc3 29. Nxc3 Rf4+ 30. Ke1 Qc6 31. Kd2 Qh6 32. Kd3 Re8 33. Rf1 Rg4 34. Qf3 Ree4 35. Ne2 Ne6 36. c3 Ng5 37. Qxf5 Qc6 38. Nd4 Rxd4+ 39. cxd4 Qc4+ 0-1

[Event "Kesarovski Georgiev Memorial 11th"]
[Site "Sunny Beach"]
[Date "2012.09.09"]
[Round "9"]
[White "Paldus, Petr"]
[Black "Stamnov, Aleksander"]
[Result "0-1"]
[WhiteElo "2014"]
[BlackElo "2148"]
[PlyCount "32"]
[EventDate "2012.09.01"]
[EventType "swiss"]
[EventRounds "9"]
[EventCountry "BUL"]
[SourceTitle "CBM 150 Extra"]
[Source "ChessBase"]
[SourceDate "2012.10.19"]
[SourceVersion "1"]
[SourceVersionDate "2012.10.19"]
[SourceQuality "1"]

1. e4 e5 2. Nf3 Nc6 3. Nc3 Nf6 4. d4 exd4 5. Nxd4 Bc5 6. Nxc6 bxc6 7. Bd3 d5 8. exd5 cxd5 9. 0-0 0-0 10. Bg5 c6 11. Qf3 Bd6 12. Bxf6 Qxf6 13. Qxf6 gxf6 14. Na4 Bd7 15. c4 Rfe8 16. c5 Be5 0-1

[Event "Kesarovski Georgiev Memorial 11th"]
[Site "Sunny Beach"]
[Date "2012.09.08"]
[Round "8"]
[White "Stamnov, Aleksander"]
[Black "Fiebig, Thomas"]
[Result "0-1"]
[WhiteElo "2148"]
[BlackElo "2414"]
[PlyCount "92"]
[EventDate "2012.09.01"]
[EventType "swiss"]
[EventRounds "9"]
[EventCountry "BUL"]
[SourceTitle "CBM 150 Extra"]
[Source "ChessBase"]
[SourceDate "2012.10.19"]
[SourceVersion "1"]
[SourceVersionDate "2012.10.19"]
[SourceQuality "1"]

1. e4 e6 2. d4 d5 3. Nc3 Nf6 4. Bg5 Bb4 5. e5 h6 6. Bd2 Bxc3 7. Bxc3 Ne4 8. Bb4 c5 9. dxc5 Nxf2 10. Bb5+ Bd7 11. Bxd7+ Nxd7 12. Qd4 Nxh1 13. Nf3 0-0 14. c6 bxc6 15. Bxf8 Kxf8 16. Ke2 Qb6 17. Qxb6 axb6 18. a3 Ra4 19. b4 g5 20. g4 c5 21. c3 d4 22. bxc5 bxc5 23. cxd4 cxd4 24. Rxh1 Rxa3 25. h4 Nxe5 26. Nxd4 Ra2+ 27. Ke3 Nxg4+ 28. Kf3 Nf6 29. hxg5 hxg5 30. Rg1 Ra3+ 31. Ke2 g4 32. Rb1 Ne4 33. Rb4 Ng5 34. Nxe6+ fxe6 35. Rxg4 Nf7 36. Rb4 Ke7 37. Rh4 e5 38. Rb4 Ke6 39. Ke1 Ra2 40. Rb3 Nd6 41. Rh3 e4 42. Rc3 Ke5 43. Rb3 Nf5 44. Rb1 e3 45. Kf1 Ke4 46. Ke1 Nd4 0-1

[Event "Kesarovski Georgiev Memorial 11th"]
[Site "Sunny Beach"]
[Date "2012.09.05"]
[Round "5"]
[White "Koelbl, Wolfgang"]
[Black "Stamnov, Aleksander"]
[Result "0-1"]
[WhiteElo "1883"]
[BlackElo "2148"]
[PlyCount "62"]
[EventDate "2012.09.01"]
[EventType "swiss"]
[EventRounds "9"]
[EventCountry "BUL"]
[SourceTitle "CBM 150 Extra"]
[Source "ChessBase"]
[SourceDate "2012.10.19"]
[SourceVersion "1"]
[SourceVersionDate "2012.10.19"]
[SourceQuality "1"]

1. d4 d5 2. Nf3 Nf6 3. e3 c6 4. Bd3 Bg4 5. Nbd2 Nbd7 6. b3 e5 7. dxe5 Nxe5 8. Bb2 Nxd3+ 9. cxd3 Bd6 10. 0-0 Qe7 11. Qc2 0-0-0 12. d4 Kb8 13. a4 a6 14. Rfb1 h5 15. b4 h4 16. h3 Rc8 17. Bc1 g5 18. Qc3 Rh6 19. Nxg5 Rg8 20. f4 Nh7 21. Kf2 Rhg6 22. Kg1 Nxg5 23. fxg5 Bf5 24. Nf3 Bg3 25. Kf1 Re6 26. Qc5 Re8 27. Qxe7 R8xe7 28. Bb2 Rxe3 29. Ra3 Re2 30. b5 Rf2+ 31. Kg1 Rxf3 0-1

[Event "Kesarovski Georgiev Memorial 11th"]
[Site "Sunny Beach"]
[Date "2012.09.04"]
[Round "4"]
[White "Stamnov, Aleksander"]
[Black "Dimitrov, Pavel"]
[Result "0-1"]
[WhiteElo "2148"]
[BlackElo "2304"]
[PlyCount "114"]
[EventDate "2012.09.01"]
[EventType "swiss"]
[EventRounds "9"]
[EventCountry "BUL"]
[SourceTitle "CBM 150 Extra"]
[Source "ChessBase"]
[SourceDate "2012.10.19"]
[SourceVersion "1"]
[SourceVersionDate "2012.10.19"]
[SourceQuality "1"]

1. e4 e5 2. Nf3 Nc6 3. Bc4 Nf6 4. d4 exd4 5. 0-0 d6 6. Nxd4 Be7 7. Nxc6 bxc6 8. Nc3 0-0 9. Re1 Ng4 10. h3 Ne5 11. Bb3 a5 12. a3 Bh4 13. Be3 Kh8 14. g3 Bxh3 15. f4 Bg4 16. Qc1 Bxg3 17. fxe5 Qh4 18. Re2 Bxe2 19. Nxe2 Qh2+ 20. Kf1 Qh3+ 21. Kg1 Qh2+ 22. Kf1 f5 23. Nxg3 f4 24. Nf5 fxe3 25. Qxe3 Qh1+ 26. Ke2 Qxa1 27. Qg5 Rxf5 28. exf5 Qxb2 29. e6 Qe5+ 30. Kd2 Qd4+ 31. Kc1 a4 32. Ba2 Qa1+ 33. Kd2 h6 34. Qg6 Qd4+ 35. Kc1 Rf8 36. Kb1 Rb8+ 37. Kc1 Qc3 38. Kd1 d5 39. Qf7 Qf3+ 40. Kd2 Qf2+ 41. Kd3 c5 42. Bxd5 Qd4+ 43. Ke2 Qxd5 44. Qxc7 Qe4+ 45. Kd2 Re8 46. Qxc5 Rd8+ 47. Kc3 Qe1+ 48. Kc4 Qe2+ 49. Kb4 Rb8+ 50. Kc3 Qf3+ 51. Kc4 Qb7 52. Kd3 Rd8+ 53. Ke3 Qh1 54. Kf4 Qh4+ 55. Kf3 Kh7 56. Qe3 Qh3+ 57. Kf4 Qxe3+ 0-1

[Event "Golden Sands Europe op 1st"]
[Site "Golden Sands"]
[Date "2012.06.09"]
[Round "6"]
[White "Stamnov, Aleksander"]
[Black "Carmaciu, Lucian Catalin"]
[Result "0-1"]
[WhiteElo "2191"]
[BlackElo "2388"]
[PlyCount "92"]
[EventDate "2012.06.04"]
[EventType "swiss"]
[EventRounds "9"]
[EventCountry "BUL"]
[SourceTitle "CBM 148 Extra"]
[Source "ChessBase"]
[SourceDate "2012.06.22"]
[SourceVersion "1"]
[SourceVersionDate "2012.06.22"]
[SourceQuality "1"]

1. e4 d6 2. d4 c6 3. Nc3 Qc7 4. f4 e5 5. fxe5 dxe5 6. dxe5 Qxe5 7. Nf3 Qc5 8. Bd3 Bg4 9. Qe2 Nd7 10. Be3 Qa5 11. h3 Bh5 12. g4 Bg6 13. Nd4 Ne5 14. Nb3 Qc7 15. 0-0-0 Nf6 16. Kb1 Bb4 17. Bd2 Qe7 18. a3 Bd6 19. Be3 Nfd7 20. Qf2 b5 21. Ne2 0-0 22. Ng3 Nc4 23. Bc1 Qh4 24. Rhg1 Ndb6 25. Nd2 Rab8 26. Nf3 Qe7 27. Nf5 Bxf5 28. gxf5 Be5 29. Nd4 Qf6 30. c3 h6 31. Qf3 Rfd8 32. Qh5 Kf8 33. Rg3 Rxd4 34. cxd4 Bxd4 35. Rg2 Ne3 36. Bxe3 Bxe3 37. Bc2 Nc4 38. Bb3 Bd4 39. Rd3 Rb7 40. Ba2 Bxb2 41. Qd1 Rb8 42. Bxc4 Be5 43. Bb3 c5 44. Rd7 c4 45. Bc2 b4 46. Ba4 b3 0-1

[Event "Albena Masters op"]
[Site "Albena"]
[Date "2012.06.03"]
[Round "9"]
[White "Stamnov, Aleksander"]
[Black "Dastan, Batuhan Muhammed"]
[Result "0-1"]
[WhiteElo "2191"]
[BlackElo "2272"]
[PlyCount "56"]
[EventDate "2012.05.26"]
[EventType "swiss"]
[EventRounds "9"]
[EventCountry "BUL"]
[SourceTitle "CBM 148 Extra"]
[Source "ChessBase"]
[SourceDate "2012.06.22"]
[SourceVersion "1"]
[SourceVersionDate "2012.06.22"]
[SourceQuality "1"]

1. e4 c5 2. Nc3 g6 3. f4 Bg7 4. Nf3 Nc6 5. Bb5 Nd4 6. 0-0 e6 7. Nxd4 cxd4 8. Ne2 Ne7 9. Ng3 h5 10. Qf3 h4 11. Ne2 Qb6 12. Bd3 d6 13. a4 Nc6 14. Kh1 Bd7 15. b3 f5 16. Ba3 Nb4 17. exf5 Nxd3 18. fxe6 Bxe6 19. Qxd3 Bf5 20. Qc4 h3 21. Ng3 hxg2+ 22. Kxg2 Bh3+ 23. Kg1 d3+ 24. Kh1 Bxa1 25. Rxa1 Qf2 26. Qe4+ Kd8 27. Bxd6 Bd7 28. Be7+ Kc8 0-1

[Event "Skopje Karposh op"]
[Site "Skopje"]
[Date "2012.04.12"]
[Round "7"]
[White "Stamnov, Aleksander"]
[Black "Smith, Bryan G"]
[Result "1/2-1/2"]
[WhiteElo "2184"]
[BlackElo "2450"]
[PlyCount "58"]
[EventDate "2012.04.07"]
[EventType "swiss"]
[EventRounds "9"]
[EventCountry "MKD"]
[SourceTitle "CBM 147 Extra"]
[Source "ChessBase"]
[SourceDate "2012.04.24"]
[SourceVersion "1"]
[SourceVersionDate "2012.04.24"]
[SourceQuality "1"]

1. e4 c5 2. c3 g6 3. d4 cxd4 4. cxd4 d5 5. e5 Nc6 6. h3 f6 7. exf6 Nxf6 8. Nf3 Bg7 9. Bb5 0-0 10. Nc3 Ne4 11. 0-0 Rxf3 12. Nxe4 Nxd4 13. gxf3 Nxb5 14. Nc3 Nxc3 15. bxc3 Bxh3 16. Re1 Bxc3 17. Bh6 e5 18. Qb3 Bd4 19. Qxb7 e4 20. fxe4 Rb8 21. Qxd5+ Qxd5 22. exd5 Bxa1 23. Rxa1 Rd8 24. Rd1 Be6 25. d6 Bxa2 26. Ra1 Bd5 27. Rxa7 Rxd6 28. Rg7+ Kh8 29. f4 Rd8 1/2-1/2

[Event "Skokie North Am 17th"]
[Site "Skokie"]
[Date "2008.11.17"]
[Round "6"]
[White "Betaneli, Alexander"]
[Black "Stamnov, Aleksander"]
[Result "1/2-1/2"]
[WhiteElo "2318"]
[BlackElo "2230"]
[PlyCount "134"]
[EventDate "2008.11.15"]
[EventType "tourn"]
[EventRounds "9"]
[EventCountry "USA"]
[EventCategory "2"]
[SourceTitle "CBM 127 Extra"]
[Source "ChessBase"]
[SourceDate "2009.01.08"]
[SourceVersion "2"]
[SourceVersionDate "2009.01.28"]
[SourceQuality "1"]

1. e4 e5 2. Nf3 Nc6 3. Bb5 a6 4. Ba4 Nf6 5. d4 exd4 6. 0-0 b5 7. Bb3 Nxe4 8. Re1 d5 9. Nxd4 Nxd4 10. Qxd4 Be6 11. Bxd5 Qxd5 12. Qxe4 Qxe4 13. Rxe4 0-0-0 14. Re1 Be7 15. Nc3 Rhe8 16. Bf4 Bf5 17. Rac1 Bf6 18. Be3 Re6 19. Red1 Rc6 20. Nd5 Rcd6 21. c4 R6d7 22. Nc3 Rxd1+ 23. Nxd1 Bc2 24. Nc3 Bxc3 25. bxc3 bxc4 26. Bd4 Be4 27. Re1 Bd5 28. Bxg7 Rg8 29. Re5 Bxg2 30. Kxg2 Rxg7+ 31. Kf3 Rg1 32. Rf5 Rc1 33. Rxf7 Rxc3+ 34. Ke4 Rh3 35. f3 Rxh2 36. Kd4 Rxa2 37. Rxh7 c3 38. Kxc3 Ra3+ 39. Kb4 Rxf3 40. Rh4 Kb7 41. Rh6 Rd3 42. Rg6 Rd6 43. Rg5 Kb6 44. Rh5 Rd1 45. Rh6+ c6 46. Rh8 Rb1+ 47. Kc4 Rc1+ 48. Kb4 a5+ 49. Kb3 Rb1+ 50. Kc3 Rb5 51. Ra8 Rh5 52. Rb8+ Kc5 53. Kb3 Rh3+ 54. Ka4 Kc4 55. Rg8 c5 56. Rg4+ Kc3 57. Kb5 Kb3 58. Kxc5 a4 59. Rb4+ Ka3 60. Rb8 Rb3 61. Rh8 Ka2 62. Kc4 a3 63. Rh6 Rb2 64. Kc3 Ka1 65. Rh1+ Rb1 66. Rh7 Rc1+ 67. Kb3 a2 1/2-1/2

[Event "Chicago North Am 12th"]
[Site "Chicago"]
[Date "2008.06.27"]
[Round "9"]
[White "Stamnov, Aleksander"]
[Black "Kuderinov, Kirill"]
[Result "0-1"]
[WhiteElo "2239"]
[BlackElo "2422"]
[PlyCount "147"]
[EventDate "2008.06.21"]
[EventType "tourn"]
[EventRounds "9"]
[EventCountry "USA"]
[EventCategory "3"]
[SourceTitle "CBM 125 Extra"]
[Source "ChessBase"]
[SourceDate "2008.09.01"]
[SourceVersion "1"]
[SourceVersionDate "2008.09.01"]
[SourceQuality "1"]

1. e4 c5 2. c3 d5 3. exd5 Qxd5 4. d4 Nc6 5. Nf3 Bg4 6. Be2 e6 7. h3 Bh5 8. c4 Qd7 9. g4 Bg6 10. d5 Nd4 11. Nxd4 cxd4 12. Qxd4 Nf6 13. Nc3 Bb4 14. 0-0 0-0 15. Bf3 Rac8 16. Bg5 Qc7 17. Bxf6 gxf6 18. Ne4 Qxc4 19. Nxf6+ Kh8 20. Qe5 Qc7 21. Nd7+ Qxe5 22. Nxe5 Bc2 23. dxe6 fxe6 24. Bxb7 Rc7 25. Bg2 Bd6 26. Rfe1 Bc5 27. Re2 Bd4 28. Rc1 Bxb2 29. Rcxc2 Rxc2 30. Rxc2 Bxe5 31. h4 Rf7 32. Be4 h6 33. Kg2 Kg7 34. g5 Rf4 35. gxh6+ Kxh6 36. f3 Rxh4 37. Rc6 Kg5 38. Rxe6 Kf4 39. Re7 a6 40. a4 Rh5 41. Rb7 Ke3 42. Rb3+ Kd2 43. Bb7 Rh2+ 44. Kg1 Rh6 45. Bd5 Rg6+ 46. Kh1 Ke2 47. Be4 Rg3 48. Rd3 Kf2 49. Rd2+ Ke3 50. Rc2 Rg8 51. Bd5 Rg7 52. Be4 Bg3 53. Rc6 Bf4 54. Rc2 Rg5 55. Bb7 a5 56. Be4 Bg3 57. Bc6 Rg8 58. Kg2 Be1+ 59. Kf1 Bd2 60. Rc4 Kd3 61. Rh4 Be3 62. Bb5+ Kd2 63. Rh2+ Kc3 64. Ke2 Bc1 65. Rh4 Rg2+ 66. Kf1 Rg7 67. Rc4+ Kd2 68. f4 Rg3 69. Kf2 Rc3 70. Rd4+ Kc2 71. Re4 Bb2 72. Bc4 Rh3 73. f5 Bf6 74. Rf4 0-1

[Event "Chicago North Am 12th"]
[Site "Chicago"]
[Date "2008.06.23"]
[Round "5"]
[White "Young, Angelo"]
[Black "Stamnov, Aleksander"]
[Result "0-1"]
[WhiteElo "2381"]
[BlackElo "2239"]
[PlyCount "123"]
[EventDate "2008.06.21"]
[EventType "tourn"]
[EventRounds "9"]
[EventCountry "USA"]
[EventCategory "3"]
[SourceTitle "CBM 125 Extra"]
[Source "ChessBase"]
[SourceDate "2008.09.01"]
[SourceVersion "1"]
[SourceVersionDate "2008.09.01"]
[SourceQuality "1"]

1. e4 e5 2. Nf3 Nc6 3. Bc4 Nf6 4. 0-0 Nxe4 5. Nc3 Nf6 6. Re1 Be7 7. Nxe5 Nxe5 8. Rxe5 d6 9. Re1 d5 10. Bf1 0-0 11. d4 Bf5 12. Bg5 c6 13. Ne2 h6 14. Ng3 Bxc2 15. Bxf6 Bxd1 16. Bxe7 Qb6 17. Bxf8 Kxf8 18. Rexd1 Qxb2 19. a4 g6 20. Ne2 Re8 21. Rab1 Qc2 22. Rdc1 Qd2 23. Re1 Re7 24. g3 Qa5 25. Ra1 b6 26. Rec1 Re6 27. Nf4 Rf6 28. Nd3 Qd2 29. Rab1 Kg7 30. Rb2 Qa5 31. Ra2 Re6 32. Bg2 h5 33. h4 Kf8 34. Ne5 Qb4 35. Bf1 c5 36. Rd1 c4 37. Bg2 Rd6 38. Raa1 Kg7 39. Nf3 a6 40. Rdb1 Qa5 41. Ng5 Qc3 42. Rd1 Rd7 43. Nh3 Qb3 44. Rdb1 Qc3 45. Nf4 Qxd4 46. Rd1 Qe5 47. Nxd5 b5 48. axb5 axb5 49. Rab1 Qe2 50. Re1 Qd2 51. Red1 Qa5 52. Rdc1 Qa3 53. Ne3 Qc5 54. Rc2 c3 55. Bf1 b4 56. Rbc1 Qe7 57. Nd1 Rd2 58. Rxc3 bxc3 59. Nxc3 Qa3 60. Re1 Qxc3 61. Re3 Qc1 62. Kg2 0-1

[Event "Chicago North Am 12th"]
[Site "Chicago"]
[Date "2008.06.21"]
[Round "1"]
[White "Yuan, Yuanling"]
[Black "Stamnov, Aleksander"]
[Result "1-0"]
[WhiteElo "2119"]
[BlackElo "2239"]
[PlyCount "95"]
[EventDate "2008.06.21"]
[EventType "tourn"]
[EventRounds "9"]
[EventCountry "USA"]
[EventCategory "3"]
[SourceTitle "CBM 125 Extra"]
[Source "ChessBase"]
[SourceDate "2008.09.01"]
[SourceVersion "1"]
[SourceVersionDate "2008.09.01"]
[SourceQuality "1"]

1. e4 e5 2. Nf3 Nc6 3. Bb5 a6 4. Ba4 Nf6 5. 0-0 Be7 6. Re1 b5 7. Bb3 0-0 8. c3 d5 9. exd5 Nxd5 10. Nxe5 Nxe5 11. Rxe5 c6 12. d4 Bd6 13. Re1 Qh4 14. g3 Qh3 15. Be3 Bg4 16. Qd3 Rae8 17. Nd2 Re6 18. a4 Bf4 19. Bxd5 Rh6 20. Nf1 cxd5 21. Bxf4 Rf6 22. Re3 Bd7 23. a5 h5 24. Nd2 h4 25. Nf3 Rxf4 26. Ng5 Qf5 27. gxf4 Qg4+ 28. Rg3 Qh5 29. Rg2 Re8 30. f5 Qh6 31. Kh1 Qf6 32. Qf3 Bxf5 33. Qxd5 g6 34. Qf3 Kg7 35. Qf4 h3 36. Nxh3 Re4 37. Qf3 Kh8 38. Ng5 Re8 39. Qg3 Kg7 40. f3 Qd8 41. Re1 Rf8 42. Qe5+ Kh6 43. Qf4 Kh5 44. Reg1 f6 45. Ne4 Bxe4 46. fxe4 g5 47. Qf5 Qc8 48. Qh7# 1-0

[Event "Chicago North Am 11th"]
[Site "Chicago"]
[Date "2008.05.17"]
[Round "1"]
[White "Ginsburg, Mark"]
[Black "Stamnov, Aleksander"]
[Result "1/2-1/2"]
[WhiteElo "2365"]
[BlackElo "2239"]
[PlyCount "83"]
[EventDate "2008.05.17"]
[EventType "tourn"]
[EventRounds "9"]
[EventCountry "USA"]
[EventCategory "3"]
[SourceTitle "CBM 124 Extra"]
[Source "ChessBase"]
[SourceDate "2008.07.03"]
[SourceVersion "1"]
[SourceVersionDate "2008.07.03"]
[SourceQuality "1"]

1. c4 c6 2. d4 d5 3. Nf3 Nf6 4. e3 e6 5. Nc3 Nbd7 6. Qc2 Bd6 7. Be2 0-0 8. 0-0 dxc4 9. Rd1 Qe7 10. a4 e5 11. Nd2 exd4 12. Nxc4 Bc7 13. Rxd4 Ne5 14. b3 Nxc4 15. Rxc4 Rd8 16. Nb5 Bxh2+ 17. Kxh2 cxb5 18. Rf4 Nd5 19. Rd4 bxa4 20. Raxa4 Be6 21. Qd2 Qc7+ 22. g3 Nb6 23. Rxa7 Rxd4 24. Rxa8+ Nxa8 25. Qxd4 Bxb3 26. Bb2 f6 27. Bd3 Bf7 28. Qe4 Bg6 29. Bc4+ Kh8 30. Qe6 Qd8 31. Bd4 h5 32. f4 Nc7 33. Qb6 Be4 34. Be2 Bc6 35. Qc5 g6 36. Qg5 Kh7 37. Qxf6 Qxf6 38. Bxf6 Be4 39. Kg1 Kg8 40. Kf2 Kf7 41. Be5 Ne6 42. Bc4 1/2-1/2

[Event "Chicago North Am 10th"]
[Site "Chicago"]
[Date "2008.04.21"]
[Round "5"]
[White "Stamnov, Aleksander"]
[Black "Melekhina, Alisa"]
[Result "0-1"]
[WhiteElo "2239"]
[BlackElo "2208"]
[PlyCount "124"]
[EventDate "2008.04.19"]
[EventType "tourn"]
[EventRounds "9"]
[EventCountry "USA"]
[EventCategory "2"]
[SourceTitle "CBM 123 Extra"]
[Source "ChessBase"]
[SourceDate "2008.05.06"]
[SourceVersion "1"]
[SourceVersionDate "2008.05.06"]
[SourceQuality "1"]

1. e4 e5 2. Nf3 Nc6 3. d4 exd4 4. Nxd4 Bc5 5. Nxc6 Qf6 6. Qd2 dxc6 7. Nc3 Be6 8. Na4 Bd6 9. f4 Nh6 10. g3 Qe7 11. Bd3 0-0-0 12. 0-0 Bh3 13. Rf3 Bb4 14. c3 Bc5+ 15. Nxc5 Qxc5+ 16. Qe3 Qxe3+ 17. Rxe3 Ng4 18. Rf3 Rd7 19. Be2 Rhd8 20. Rf1 Nf6 21. Re1 Nxe4 22. Be3 c5 23. Rad1 Be6 24. Rxd7 Rxd7 25. c4 f5 26. b3 b6 27. Bf3 Rd3 28. Bd1 Bd7 29. Bc2 Rd6 30. Bc1 Bc6 31. g4 Rg6 32. g5 Rd6 33. h4 g6 34. a4 Kd7 35. Re3 Re6 36. Bb2 Nd2 37. Be5 Nf3+ 38. Kf2 Nxe5 39. fxe5 Re8 40. Re1 f4 41. Bd1 f3 42. Bc2 Ke6 43. h5 Rd8 44. Kg3 Rf8 45. Kf2 Rf4 46. hxg6 hxg6 47. Bxg6 Rg4 48. Rg1 Rxg1 49. Kxg1 Kxe5 50. Bd3 Kf4 51. g6 Kg3 52. Kf1 Bd7 53. g7 Bh3+ 54. Ke1 f2+ 55. Kd2 Be6 56. Bf1 Kh2 57. Ke2 Kg1 58. Bh3 Bf7 59. Bf1 c6 60. Bh3 a6 61. Bf1 b5 62. cxb5 cxb5 0-1

[Event "Sioux Falls op 7th"]
[Site "Sioux Falls"]
[Date "2002.10.12"]
[Round "3"]
[White "Stamnov, Aleksander"]
[Black "Shulman, Yuri"]
[Result "0-1"]
[WhiteElo "2257"]
[BlackElo "2566"]
[PlyCount "44"]
[EventDate "2002.10.11"]
[EventType "swiss"]
[EventRounds "5"]
[EventCountry "USA"]
[SourceTitle "CBM 090 Extra"]
[Source "ChessBase"]
[SourceDate "2002.11.07"]
[SourceVersion "1"]
[SourceVersionDate "2002.11.07"]
[SourceQuality "1"]

1. e4 e6 2. d4 d5 3. Nd2 Be7 4. c3 c5 5. exd5 exd5 6. dxc5 Bxc5 7. Ngf3 Nf6 8. Bb5+ Nc6 9. 0-0 0-0 10. Nb3 Bb6 11. Bg5 a6 12. Be2 Re8 13. Qd3 h6 14. Bh4 g5 15. Bg3 Ne4 16. Nfd4 Nxd4 17. Nxd4 Bxd4 18. cxd4 Bf5 19. Rfe1 Qb6 20. Be5 Rxe5 21. dxe5 Qxf2+ 22. Kh1 Qxe1+ 0-1

[Event "New York Masters 03rd"]
[Site "New York"]
[Date "2002.04.02"]
[Round "1"]
[White "Stamnov, Aleksander"]
[Black "Schmaltz, Roland"]
[Result "0-1"]
[WhiteElo "2247"]
[BlackElo "2534"]
[PlyCount "78"]
[EventDate "2002.04.02"]
[EventType "swiss (rapid)"]
[EventRounds "4"]
[EventCountry "USA"]
[SourceTitle "EXT 2003"]
[Source "ChessBase"]
[SourceDate "2002.11.25"]
[SourceVersion "1"]
[SourceVersionDate "2002.11.25"]
[SourceQuality "1"]

1. e4 d6 2. d4 Nf6 3. Nc3 Nbd7 4. Nf3 e5 5. Bc4 Be7 6. dxe5 dxe5 7. 0-0 0-0 8. Qe2 c6 9. a4 b6 10. Rd1 Qc7 11. Bg5 h6 12. Bxf6 Bxf6 13. Qe3 a6 14. Ne2 Kh7 15. b4 g6 16. h4 Kg7 17. h5 Be7 18. c3 Nf6 19. hxg6 fxg6 20. Nh2 a5 21. Rdb1 Bb7 22. Be6 Rad8 23. Ng3 axb4 24. cxb4 Rd4 25. Nf3 Rxb4 26. Nh4 Nh7 27. Rxb4 Bxb4 28. Ra2 Ng5 29. Bf5 gxf5 30. Ngxf5+ Kh7 31. Qe2 Qf7 32. Ra1 Bc8 33. g4 Bc5 34. Kg2 Ne6 35. Kg3 Nf4 36. Qb2 Qf6 37. Rh1 Nd3 38. Qd2 Nxf2 39. Ng6 Nxh1+ 0-1

[Event "Skopje op"]
[Site "Skopje"]
[Date "1998.12.20"]
[Round "9"]
[White "Stamnov, Aleksander"]
[Black "Dinev, Dejan"]
[Result "0-1"]
[WhiteElo "2280"]
[BlackElo "2255"]
[PlyCount "157"]
[EventDate "1998.12.??"]
[EventType "swiss"]
[EventRounds "9"]
[EventCountry "MKD"]
[SourceTitle "EXT 2000"]
[Source "ChessBase"]
[SourceDate "1999.11.16"]
[SourceVersion "1"]
[SourceVersionDate "1999.11.16"]
[SourceQuality "1"]

1. e4 e6 2. d4 d5 3. e5 c5 4. c3 Nc6 5. Be3 Nge7 6. Nf3 Nf5 7. Bd3 cxd4 8. cxd4 Be7 9. Nc3 Nxe3 10. fxe3 f5 11. exf6 Bxf6 12. Qc2 g6 13. h4 Qe7 14. h5 g5 15. Nh2 Nb4 16. Bb5+ Bd7 17. Qe2 h6 18. Ng4 Bg7 19. 0-0 0-0-0 20. a3 Nc6 21. b4 Kb8 22. Rac1 Be8 23. Na4 e5 24. Bxc6 Bxc6 25. b5 Bd7 26. Nxe5 Bxe5 27. dxe5 Qxe5 28. Nc5 Bc8 29. Rf7 d4 30. Qc4 d3 31. Nxd3 Qxe3+ 32. Nf2 Qb6 33. Qb4 Rhe8 34. a4 Rd4 35. Qc3 Qd6 36. a5 Be6 37. Rc7 g4 38. g3 Bf5 39. a6 bxa6 40. bxa6 Rb4 41. Kh2 Rb6 42. Ne4 Qe5 43. Qxe5 Rxe5 44. R7c5 Rxc5 45. Nxc5 Rc6 46. Kg2 Kc7 47. Kf2 Kb6 48. Na4+ Kb5 49. Nc3+ Kxa6 50. Ra1+ Kb7 51. Nb5 Ra6 52. Rd1 Be6 53. Ke3 Rb6 54. Nd6+ Kc6 55. Ne4 Bd5 56. Nf6 Bf3 57. Rd4 Rb3+ 58. Kf4 Kc5 59. Rd7 a5 60. Nxg4 Bc6 61. Rd1 Rf3+ 62. Ke5 Rxg3 63. Nxh6 Rg5+ 64. Nf5 Rxh5 65. Rc1+ Kb6 66. Rb1+ Bb5 67. Kf4 a4 68. Nd4 Ka5 69. Ke3 Rh3+ 70. Kf2 Be8 71. Rb8 Rd3 72. Rd8 Kb6 73. Ke2 Bg6 74. Rd6+ Kc5 75. Rxg6 Rxd4 76. Rh6 Kb4 77. Rh1 a3 78. Rb1+ Kc3 79. Rc1+ 0-1